| 000 | 00600nam a2200169Ia 4500 | ||
|---|---|---|---|
| 003 | GCL | ||
| 008 | 140319s9999 xx 000 0 ara d | ||
| 040 |
_aGCL / _cGCL |
||
| 082 | 0 | 4 |
_aم ع _b423.1 _bأ ق |
| 245 | 1 | 0 |
_aقاموس اطلس الموسوعى إنجليزى - عربى : _bATLAS ENCYCLOPEDIC DICTIONARY ENGLISH - ARABIC |
| 250 | _aالثانية | ||
| 260 |
_aالقاهرة : _bأطلس للنشر والانتاج الاعلامى ، _c2003 |
||
| 300 |
_a1577 ص ؛ _c28 سم |
||
| 650 | 0 | 4 | _aالمعاجم |
| 650 | 0 | 4 | _aاللغة الانجليزية - معاجم |
| 942 |
_2ddc _cREF |
||
| 999 |
_c9391 _d9391 |
||